Cuartetos ganadores del Siglo XXI (COAC) - Estadísticas

Estadísticas generales
  • Esta prueba ha sido intentada 5 veces
  • La puntuación promedio es 8 de 23
Estadísticas de respuestas
COAC CUARTETOS % Correcto
2017 Lo que el viento se llevó
67%
2014 Los Pepegym
67%
2005 Aquí mismo
33%
2016 Asociación Local de Comerciantes Asociados Reunidos Agrupados Juntos y Organizados (A.L.C.A.R.A.J.O.)
33%
2019 Brigada amarilla (agüita con nojotros)
33%
2007 Chanel a los cuatro
33%
2020 El cuarteto del More
33%
2018 El equipo A minúscula (Comando Caleti)
33%
2001 El marqués, la marquesa y quince metros de mesa
33%
2023 Escuela taller de gladiadores El Pópulo
33%
2025 Ku Klux Klan Klan
33%
2024 Los cocos de Cádi
33%
2003 Los del barrio
33%
2015 Los pensionistas se la dan de artistas
33%
2009 Los que esperando la sentencia se tragaron la penitencia
33%
2013 Los que están al pie del cañón
33%
2012 Los que hundieron al Vaporcito
33%
2022 Los ultraortodoxos de los callejones Cardoso
33%
2010 Los vaqueros de Springfield
33%
2002 Ozú opá
33%
2008 Taller de reparaciones "Esto arranca por cojones"
33%
2006 Un cuarteto con gancho
33%
2011 Los que cogieron el mono Amedio y lo quitaron de en medio
0%
No se encontraron pruebas coincidentes
Distribución de puntuación
Porcentaje de gente con cada puntuación
Porcentaje por número respondido
Historial de tus puntuaciones
No has intentado esta prueba.